| 000 | 00583nam a2200205Ia 4500 | ||
|---|---|---|---|
| 005 | 20250923145950.0 | ||
| 008 | 008 250917s9999 xx 000 0 eng d | ||
| 037 | _aTextual | ||
| 040 |
_aDSWL _beng _cDSWL |
||
| 041 |
_aeng _2eng |
||
| 084 | _qDSWL | ||
| 100 |
_aHoksbergen, R.A.C. _9840808 |
||
| 245 | 0 |
_aAdopting A Child : A Guide Book for Adoptive Parents and their Advisors _c by R.A.C. Hoksbergen |
|
| 260 |
_aNetherlands _bUtrecht Universiteit A.C. _c1995 |
||
| 300 | _a120 p. | ||
| 365 | _bGift | ||
| 925 | _gGift | ||
| 942 | _cTEXL | ||
| 999 |
_c1457911 _d1457911 |
||